A dialectical psychology /

Guardat en:
Dades bibliogràfiques
Autor principal: Buss, Allan R. (autor)
Format: Llibre
Idioma:anglès
Publicat: Nueva Jersey, EUA : Irvington, 1979
Matèries:
Etiquetes: Afegir etiqueta
Sense etiquetes, Sigues el primer a etiquetar aquest registre!

MARC

LEADER 00000nam^a2200000^a^4500
001 000000817
005 20250521000000.0
009 20260310083044.319
020 |a 0-470-26737-2 
037 |a Acervo ITESO - Biblioteca 
041 |a ING 
082 |a 150. 1  |b BUS 
100 |a Buss, Allan R.  |e (autor) 
245 1 2 |a A dialectical psychology /  |c A.R. Buss. 
264 1 |a Nueva Jersey, EUA :  |b Irvington,  |c 1979 
300 |a 211 p. 
336 |a texto  |b txt  |2 rdacontenido 
337 |a sin mediación  |b n  |2 rdamedio 
338 |a volumen  |b nc  |2 rdasoporte 
649 |a XX 
650 |a Psicología 
910 |a Fondo General 
920 |a Impresos - Libros 
930 |a Colección General 
905 |a 101 
901 |a 0008170100  |b IT1  |c ACC  |i 000817  |u 20250521 
902 |a https://opac.biblio.iteso.mx/vufind/Record/000000817